Poverty alleviation efforts of panchayats in West Bengal (Record no. 59851)

000 -LEADER
fixed length control field 01176pab a2200193 454500
008 - FIXED-LENGTH DATA ELEMENTS--GENERAL INFORMATION
fixed length control field 180718b2004 xxu||||| |||| 00| 0 eng d
100 ## - MAIN ENTRY--PERSONAL NAME
Personal name Bardhan, Pranab
245 ## - TITLE STATEMENT
Title Poverty alleviation efforts of panchayats in West Bengal
260 ## - PUBLICATION, DISTRIBUTION, ETC.
Date of publication, distribution, etc. 2004
300 ## - PHYSICAL DESCRIPTION
Extent p.965-74.
362 ## - DATES OF PUBLICATION AND/OR SEQUENTIAL DESIGNATION
Dates of publication and/or sequential designation 28 Feb
520 ## - SUMMARY, ETC.
Summary, etc. This paper examines poverty alleviation efforts of West Bengal panchayats, comprising implementation of land reforms and pro-poor targeting of credit, agricultural minikits, employment programmes and fiscal grants. The sample includes 89 villages and covers four successive panchayat administrations. While average levels of poverty alleviation efforts were high, there were significant variations both across and within villages over time. Poverty alleviation efforts within villages improved when land was distributed more equally, the poor became more literate, there were fewer low caste households and local elections were more contested. - Reproduced.
650 ## - SUBJECT ADDED ENTRY--TOPICAL TERM
Topical term or geographic name entry element Panchayat - India - West Bengal
650 ## - SUBJECT ADDED ENTRY--TOPICAL TERM
Topical term or geographic name entry element Poverty - India - West Bengal
650 ## - SUBJECT ADDED ENTRY--TOPICAL TERM
Topical term or geographic name entry element Poverty
700 ## - ADDED ENTRY--PERSONAL NAME
Personal name Mookherjee, Dilip
773 ## - HOST ITEM ENTRY
Main entry heading Economic and Political Weekly
909 ## -
-- 59851
Holdings
Withdrawn status Lost status Damaged status Not for loan Permanent Location Current Location Date acquired Serial Enumeration / chronology Barcode Date last seen Price effective from Koha item type
        Indian Institute of Public Administration Indian Institute of Public Administration 2018-07-19 Volume no: 39, Issue no: 9 AR60296 2018-07-19 2018-07-19 Articles

Powered by Koha